000 00474nam a2200181Ia 4500
005 20250508153308.0
008 008 250505s9999 xx 000 0 eng d
037 _aBooks to be hide in OPAC
040 _aFEDL
_beng
_cFEDL
041 _aeng
_2eng
084 _a370.73263, DUG
_qFEDL
100 _aDugard M
_9763633
245 0 _aFormation des maitres
260 _c1903
300 _a242p.
942 _cHB
_h370.73263, DUG
999 _c1341812
_d1341812